<?xml version="1.0" encoding="UTF-8"?>
<collection xmlns:xsi="http://www.w3.org/2001/XMLSchema-instance" xsi:schemaLocation="http://www.loc.gov/MARC21/slim http://www.loc.gov/standards/marcxml/schema/MARC21slim.xsd" xmlns="http://www.loc.gov/MARC21/slim">
 <record>
  <leader>00000cam a22000004a 4500</leader>
  <controlfield tag="001">UP-8027390931313321296</controlfield>
  <controlfield tag="003">Buklod</controlfield>
  <controlfield tag="005">20070912115645.0</controlfield>
  <controlfield tag="006">m    |o  d |      </controlfield>
  <controlfield tag="007">ta</controlfield>
  <controlfield tag="008">070912s1999    enk     rb   |001 0|eng d</controlfield>
  <datafield tag="010" ind1=" " ind2=" ">
   <subfield code="a">00268088</subfield>
  </datafield>
  <datafield tag="020" ind1=" " ind2=" ">
   <subfield code="a">0198298013</subfield>
  </datafield>
  <datafield tag="035" ind1=" " ind2=" ">
   <subfield code="a">(iLib)UPVIS-00000005935</subfield>
  </datafield>
  <datafield tag="090" ind1=" " ind2=" ">
   <subfield code="a">KD3989</subfield>
   <subfield code="b">C65 1999</subfield>
  </datafield>
  <datafield tag="245" ind1="0" ind2="0">
   <subfield code="a">Constitutional futures</subfield>
   <subfield code="b">a history of the next ten years</subfield>
   <subfield code="c">edited by Professor Robert Hazell.</subfield>
  </datafield>
  <datafield tag="264" ind1=" " ind2="1">
   <subfield code="a">Oxford</subfield>
   <subfield code="b">Oxford University Press</subfield>
   <subfield code="c">c1999.</subfield>
  </datafield>
  <datafield tag="300" ind1=" " ind2=" ">
   <subfield code="a">263 p.</subfield>
   <subfield code="b">ill.</subfield>
  </datafield>
  <datafield tag="650" ind1=" " ind2="0">
   <subfield code="a">Constitutional law $gGreat Britain.</subfield>
  </datafield>
  <datafield tag="700" ind1="1" ind2=" ">
   <subfield code="a">Hazell, Robert.</subfield>
  </datafield>
  <datafield tag="710" ind1="2" ind2=" ">
   <subfield code="a">Constitution Unit (Great Britain).</subfield>
  </datafield>
  <datafield tag="852" ind1="0" ind2=" ">
   <subfield code="a">UPVIS</subfield>
   <subfield code="b">UPV-ML</subfield>
   <subfield code="h">KD3989 .C65 1999</subfield>
  </datafield>
  <datafield tag="942" ind1=" " ind2=" ">
   <subfield code="a">Book</subfield>
  </datafield>
 </record>
</collection>
